Statistical mechanics / (Record no. 29206)
[ view plain ]
| 000 -LEADER | |
|---|---|
| fixed length control field | 00684 a2200181 4500 |
| 020 ## - INTERNATIONAL STANDARD BOOK NUMBER | |
| International Standard Book Number | 1891389157 |
| 020 ## - INTERNATIONAL STANDARD BOOK NUMBER | |
| International Standard Book Number | 9781891389153 |
| 082 04 - DEWEY DECIMAL CLASSIFICATION NUMBER | |
| Classification number | 530.13 |
| 090 ## - LOCALLY ASSIGNED LC-TYPE CALL NUMBER (OCLC); LOCAL CALL NUMBER (RLIN) | |
| -- | 576 |
| -- | 576 |
| 100 1# - MAIN ENTRY--PERSONAL NAME | |
| Personal name | McQuarrie, Donald Allan. |
| 245 10 - TITLE STATEMENT | |
| Title | Statistical mechanics / |
| Statement of responsibility, etc. | Donald Allan McQuarrie. |
| 250 ## - EDITION STATEMENT | |
| Edition statement | 1st ed. |
| 260 ## - PUBLICATION, DISTRIBUTION, ETC. | |
| Place of publication, distribution, etc. | [S.l.] : |
| Name of publisher, distributor, etc. | University Science Books, |
| Date of publication, distribution, etc. | 2003. |
| 300 ## - PHYSICAL DESCRIPTION | |
| Extent | 640 p. ; |
| Dimensions | 26 cm. |
| 942 ## - ADDED ENTRY ELEMENTS (KOHA) | |
| Institution code [OBSOLETE] | SNS |
| Koha item type | Book |
| Call number prefix | 530.13 MCQ |
| Withdrawn status | Lost status | Damaged status | Not for loan | Permanent Location | Current Location | Date acquired | Total Checkouts | Full call number | Barcode | Date last seen | Date last checked out | Price effective from | Koha item type |
|---|---|---|---|---|---|---|---|---|---|---|---|---|---|
| School of Natural Sciences (SNS) | School of Natural Sciences (SNS) | 05/26/2016 | 1 | 530.13 MCQ | SNS0000724 | 02/13/2019 | 09/05/2018 | 05/26/2016 | Book | ||||
| School of Natural Sciences (SNS) | School of Natural Sciences (SNS) | 05/26/2016 | 2 | 530.13 MCQ | SNS0001616 | 09/28/2020 | 09/11/2019 | 05/26/2016 | Book |
